| 000 | 00653nam a22002057a 4500 | ||
|---|---|---|---|
| 008 | 160716b xxu||||| |||| 00| 0 eng d | ||
| 020 | _a978-0-07-110210-0 | ||
| 082 | _aDC 612 Se3 2008 | ||
| 100 |
_911596 _aSeeley, Rod R. |
||
| 245 |
_aAnatomy & physiology/ _cRod R. Seeley, Trent D. Stephens and Philip Tate. |
||
| 250 | _aEight edition. | ||
| 260 |
_aBoston: _bMcGraw-Hill, _cc2008. |
||
| 300 |
_axxi, 1116 pages: _bcolor illustrations; _c28 cm. |
||
| 500 | _aIncludes index. | ||
| 650 | 0 |
_911601 _aHuman anatomy. |
|
| 650 | 0 |
_911602 _aHuman physiology. |
|
| 700 |
_911598 _aStephens, Trent D. |
||
| 700 |
_911600 _aTate, Philip. |
||
| 942 |
_2ddc _cDC |
||
| 999 |
_c3477 _d3477 |
||